[Event "Bucharest Revolution Memorial"]
[Site "Bucharest"]
[Date "2003.12.??"]
[Round "?"]
[White "Buescu, Neculai"]
[Black "Dinu, Dumitru Daniel"]
[Result "0-1"]
[WhiteElo "2261"]
[BlackElo "2319"]
[PlyCount "58"]
[EventDate "2003.12.??"]
[EventType "swiss"]
[EventRounds "7"]
[EventCountry "ROU"]
[SourceTitle "EXT 2008"]
[Source "ChessBase"]
[SourceDate "2007.11.25"]
[SourceVersion "1"]
[SourceVersionDate "2007.11.25"]
[SourceQuality "1"]

1. d4 Nf6 2. Nf3 e6 3. c4 Bb4+ 4. Bd2 Qe7 5. a3 Bxd2+ 6. Nbxd2 d6 7. e3 0-0 8. Be2 a5 9. 0-0 a4 10. Qc2 Bd7 11. Bd3 Bc6 12. Ne4 Nxe4 13. Bxe4 Bxe4 14. Qxe4 Nc6 15. Qc2 Ra5 16. Rfd1 e5 17. d5 Nb8 18. Qd2 b6 19. e4 Nd7 20. Rac1 Nc5 21. Qe2 Raa8 22. g4 Qf6 23. Rc3 Qg6 24. Nd2 f5 25. exf5 Rxf5 26. Rg3 Rf4 27. Nf1 Raf8 28. f3 Nb3 29. Rd3 Nc1 0-1

[Event "ROM-ch sf"]
[Site "Sovata"]
[Date "2001.03.12"]
[Round "4"]
[White "Sava, Christiansen"]
[Black "Buescu, Neculai"]
[Result "1/2-1/2"]
[WhiteElo "2088"]
[BlackElo "2208"]
[PlyCount "115"]
[EventDate "2001.03.10"]
[EventType "swiss"]
[EventRounds "11"]
[EventCountry "ROU"]
[SourceTitle "EXT 2008"]
[Source "ChessBase"]
[SourceDate "2007.11.25"]
[SourceVersion "1"]
[SourceVersionDate "2007.11.25"]
[SourceQuality "1"]

1. e4 c6 2. d4 d5 3. e5 Bf5 4. h4 h5 5. c4 e6 6. Nc3 Be7 7. g3 Nh6 8. Bxh6 Rxh6 9. Be2 dxc4 10. Bxc4 Qb6 11. Qd2 Na6 12. Nge2 Nb4 13. Rc1 Rd8 14. a3 Nd5 15. Nxd5 exd5 16. Ba2 Rg6 17. f3 c5 18. Kf2 cxd4 19. Nf4 d3+ 20. Kg2 Rc6 21. Nxd5 Qd4 22. Rxc6 bxc6 23. Nxe7 Kxe7 24. Qg5+ Kf8 25. Rd1 Bg6 26. Rd2 Rb8 27. Qf4 Qxf4 28. gxf4 Rd8 29. Kf2 f6 30. Ke3 c5 31. Bc4 fxe5 32. fxe5 Rd4 33. Bxd3 Bxd3 34. Rxd3 Rxh4 35. b3 c4 36. bxc4 Rxc4 37. e6 Rc6 38. Rd8+ Ke7 39. Rd7+ Kf6 40. Rxa7 Rxe6+ 41. Kf2 h4 42. f4 Rc6 43. Kg2 Rc3 44. Ra5 Rg3+ 45. Kf2 g6 46. a4 Rc3 47. Kg2 Ra3 48. Kf2 h3 49. Kg1 Ra2 50. Rg5 Rxa4 51. Rg4 Ra5 52. Rh4 Ra3 53. Kh2 Kf5 54. Kg1 Rb3 55. Kh1 Rg3 56. Kh2 Rf3 57. Kg1 Rxf4 58. Rxh3 1/2-1/2

[Event "ROM-ch sf"]
[Site "Baile Tusnad"]
[Date "2000.??.??"]
[Round "9"]
[White "Buescu, Neculai"]
[Black "Fugulyan, Grigore"]
[Result "1/2-1/2"]
[WhiteElo "2243"]
[BlackElo "2094"]
[PlyCount "158"]
[EventDate "2000.05.??"]
[EventType "swiss"]
[EventRounds "11"]
[EventCountry "ROU"]
[SourceTitle "EXT 2001"]
[Source "ChessBase"]
[SourceDate "2000.11.22"]
[SourceVersion "1"]
[SourceVersionDate "2000.11.22"]
[SourceQuality "1"]

1. d4 Nf6 2. Nf3 d6 3. h3 g6 4. Bf4 Bg7 5. Nbd2 0-0 6. e4 Nbd7 7. Bc4 c5 8. e5 Nh5 9. Bh2 cxd4 10. g4 Nxe5 11. Nxe5 dxe5 12. gxh5 b5 13. Bb3 e6 14. hxg6 hxg6 15. Qe2 a5 16. a4 bxa4 17. Rxa4 Bd7 18. Ra3 a4 19. Ba2 Qb6 20. Nc4 Qb4+ 21. c3 dxc3 22. bxc3 Qc5 23. Qe3 Qc6 24. 0-0 f6 25. Nb6 Rf7 26. Nxa8 Bf8 27. c4 Bxa3 28. Qxa3 Qxa8 29. c5 Qe4 30. Qe3 Qf5 31. Bb1 Qh5 32. Be4 f5 33. Bf3 f4 34. Bxh5 fxe3 35. Be2 exf2+ 36. Rxf2 Rxf2 37. Kxf2 e4 38. Ke3 Bc6 39. Bc4 Kf7 40. Be5 g5 41. Bb2 Ke7 42. Kd4 Kf6 43. Be2 e5+ 44. Ke3 Ke6 45. Bg4+ Kd5 46. Bf5 Kxc5 47. Bxe5 a3 48. Bxe4 Bd7 49. Bg2 Bf5 50. Bf6 a2 51. Kd2 Kd6 52. Bd4 Ke7 53. Ke3 Kf7 54. Kf2 Kg6 55. Kg3 Be6 56. Bf3 Kh6 57. Bg4 Bb3 58. Bd7 Kg6 59. Be8+ Kf5 60. Bd7+ Kg6 61. Bc3 Bc4 62. Kf3 Bb3 63. Ke4 Bc2+ 64. Ke5 Kh5 65. Kf6 Bd1 66. Be6 g4 67. hxg4+ Bxg4 68. Bxa2 Bf3 69. Be6 Bd1 70. Bf5 Be2 71. Bd2 Bd1 72. Ke5 Be2 73. Bf4 Bd1 74. Bh3 Be2 75. Bg3 Bg4 76. Bf1 Bf3 77. Kf5 Bd1 78. Bd3 Bg4+ 79. Kf4 Bd1 1/2-1/2

[Event "ROM-ch sf"]
[Site "Baile Tusnad"]
[Date "2000.??.??"]
[Round "3"]
[White "Buescu, Neculai"]
[Black "Grunberg, Mihai Lucian"]
[Result "1/2-1/2"]
[WhiteElo "2243"]
[BlackElo "2409"]
[PlyCount "42"]
[EventDate "2000.05.??"]
[EventType "swiss"]
[EventRounds "11"]
[EventCountry "ROU"]
[SourceTitle "EXT 2001"]
[Source "ChessBase"]
[SourceDate "2000.11.22"]
[SourceVersion "1"]
[SourceVersionDate "2000.11.22"]
[SourceQuality "1"]

1. d4 f5 2. Nf3 Nf6 3. c4 g6 4. Nc3 Bg7 5. e3 0-0 6. Bd3 c6 7. 0-0 d6 8. Re1 Na6 9. a3 Nc7 10. Qc2 d5 11. b4 Ne4 12. Bb2 e6 13. Ne2 g5 14. Ne5 Bd7 15. f3 Nd6 16. a4 Be8 17. c5 Nf7 18. f4 Nxe5 19. dxe5 Bh6 20. g3 Rf7 21. Nd4 Rg7 1/2-1/2

[Event "Centrocoop op"]
[Site "Eforie Nord"]
[Date "2000.??.??"]
[Round "?"]
[White "Mosnegutu, Klaus"]
[Black "Buescu, Neculai"]
[Result "1/2-1/2"]
[WhiteElo "2175"]
[BlackElo "2230"]
[PlyCount "136"]
[EventDate "2000.??.??"]
[EventType "swiss"]
[EventRounds "9"]
[EventCountry "ROU"]
[SourceTitle "EXT 2004"]
[Source "ChessBase"]
[SourceDate "2003.11.25"]
[SourceVersion "1"]
[SourceVersionDate "2003.11.25"]
[SourceQuality "1"]

1. d4 d5 2. c4 c6 3. Nc3 e5 4. cxd5 cxd5 5. e3 e4 6. Bb5+ Bd7 7. Qb3 Nf6 8. Nge2 Bxb5 9. Qxb5+ Qd7 10. Nf4 Qxb5 11. Nxb5 Na6 12. Bd2 Kd7 13. Rc1 Be7 14. a3 Rhc8 15. Ke2 Rc6 16. h4 Nc7 17. Nc3 Bd6 18. Nh3 h6 19. Rhg1 g6 20. b4 b5 21. Nb1 Rc4 22. Bc3 Rc8 23. Nd2 Rc6 24. Nb3 Na8 25. Nc5+ Ke7 26. g4 Nb6 27. Ra1 Na4 28. Bd2 Nd7 29. Nf4 Ndb6 30. f3 exf3+ 31. Kxf3 Bxf4 32. exf4 Nxc5 33. dxc5 Nc4 34. Bc3 Re6 35. Rge1 Kd7 36. Rxe6 fxe6 37. a4 a6 38. axb5 axb5 39. Ra7+ Rc7 40. Ra8 Rc8 41. Rxc8 Kxc8 42. h5 gxh5 43. g5 hxg5 44. fxg5 Kd7 45. g6 Ke8 46. g7 Kf7 47. c6 e5 48. c7 e4+ 49. Kf4 Nb6 50. Bd4 Nc8 51. Kg5 e3 52. Kh6 Kg8 53. Bxe3 h4 54. Kg5 h3 55. Bf4 d4 56. Kg4 Kxg7 57. Kf3 Kf6 58. Ke4 Ke6 59. Kxd4 Kd7 60. Kc5 Ne7 61. Bh2 Kc8 62. Kd6 Nf5+ 63. Kc5 Ne3 64. Kxb5 Ng4 65. Bg3 h2 66. Bxh2 Nxh2 67. Kb6 Nf3 68. b5 Nd4 1/2-1/2

[Event "ROM-ch sf"]
[Site "Baile Tusnad"]
[Date "2000.??.??"]
[Round "2"]
[White "Vajda, Albert"]
[Black "Buescu, Neculai"]
[Result "0-1"]
[WhiteElo "2383"]
[BlackElo "2243"]
[PlyCount "78"]
[EventDate "2000.05.??"]
[EventType "swiss"]
[EventRounds "11"]
[EventCountry "ROU"]
[SourceTitle "EXT 2001"]
[Source "ChessBase"]
[SourceDate "2000.11.22"]
[SourceVersion "1"]
[SourceVersionDate "2000.11.22"]
[SourceQuality "1"]

1. Nf3 d5 2. g3 c6 3. Bg2 Nf6 4. 0-0 Bg4 5. d3 Nbd7 6. Nbd2 e5 7. e4 dxe4 8. dxe4 Bc5 9. h3 Bh5 10. a3 a5 11. Qe2 0-0 12. Rd1 Qe7 13. Nf1 Rfd8 14. Qe1 Bb6 15. Be3 Bc7 16. g4 Bg6 17. Nh4 Bxe4 18. g5 Bxc2 19. Rd2 Bb3 20. gxf6 Qxf6 21. Nf3 h6 22. Ng3 Bd5 23. Nh2 Qe6 24. Qf1 f5 25. f4 e4 26. Qf2 Rf8 27. h4 Nf6 28. Bh3 Ng4 29. Bxg4 fxg4 30. Ne2 h5 31. Nf1 Bd8 32. Bc5 Rf7 33. Ne3 b6 34. Bd4 Bc7 35. f5 Qd6 36. Rf1 Raf8 37. Qg2 Qh6 38. f6 g5 39. Nf5 Qg6 0-1

[Event "ROM-ch sf"]
[Site "Baile Tusnad"]
[Date "1999.??.??"]
[Round "7"]
[White "Danilov, Vladimir"]
[Black "Buescu, Neculai"]
[Result "0-1"]
[WhiteElo "2300"]
[BlackElo "2232"]
[PlyCount "96"]
[EventDate "1999.09.??"]
[EventType "swiss"]
[EventRounds "9"]
[EventCountry "ROU"]
[SourceTitle "EXT 2000"]
[Source "ChessBase"]
[SourceDate "1999.11.16"]
[SourceVersion "1"]
[SourceVersionDate "1999.11.16"]
[SourceQuality "1"]

1. d4 d5 2. c4 c6 3. Nc3 Nf6 4. Nf3 e6 5. Bg5 h6 6. Bxf6 Qxf6 7. e3 Nd7 8. Qc2 g6 9. e4 dxe4 10. Qxe4 Qe7 11. Bd3 Bg7 12. 0-0 0-0 13. Rfe1 Qd6 14. c5 Qc7 15. Ne5 Nxe5 16. dxe5 b6 17. Qe3 Rd8 18. f4 bxc5 19. Ne4 Qb6 20. b3 a5 21. Nxc5 Bf8 22. Ne4 Qxe3+ 23. Rxe3 a4 24. Rc1 axb3 25. axb3 Ba6 26. Bxa6 Rxa6 27. Rcc3 Kg7 28. Red3 Rd5 29. Kf2 Bb4 30. Nf6 Ra2+ 31. Kf3 Bxc3 32. Nxd5 cxd5 33. Rxc3 g5 34. fxg5 hxg5 35. Rc7 Rb2 36. Rb7 Kg6 37. b4 Kf5 38. Rxf7+ Kxe5 39. Rb7 Kd4 40. b5 e5 41. b6 e4+ 42. Kg3 Ke3 43. Rg7 d4 44. Rxg5 Rxb6 45. h4 Rd6 46. h5 d3 47. Ra5 d2 48. Ra3+ Rd3 0-1

[Event "Centrocoop op"]
[Site "Eforie Nord"]
[Date "1997.??.??"]
[Round "?"]
[White "Buescu, Neculai"]
[Black "Borsuk, Angela"]
[Result "1-0"]
[WhiteElo "2205"]
[BlackElo "2315"]
[PlyCount "109"]
[EventDate "1997.??.??"]
[EventType "swiss"]
[EventRounds "11"]
[EventCountry "ROU"]
[SourceTitle "EXT 2010"]
[Source "ChessBase"]
[SourceDate "2010.11.25"]
[SourceVersion "1"]
[SourceVersionDate "2010.11.25"]
[SourceQuality "1"]

1. e4 d5 2. exd5 Qxd5 3. Nc3 Qa5 4. d4 Nf6 5. Nf3 Bf5 6. Bc4 e6 7. Bd2 c6 8. Qe2 Bb4 9. Ne5 Nbd7 10. Nxd7 Nxd7 11. g4 Bg6 12. 0-0-0 0-0-0 13. a3 Bxc3 14. Bxc3 Qc7 15. Bd2 h6 16. f4 Nf6 17. Be3 h5 18. h3 Be4 19. Rhf1 hxg4 20. hxg4 Rh3 21. Bg1 Bg6 22. Qg2 Rh4 23. Be2 Be4 24. Qf2 Rdh8 25. Qe1 Nd5 26. f5 exf5 27. gxf5 Bg2 28. Rf2 Nf4 29. Bf3 Bxf3 30. Rxf3 Qd7 31. Bf2 Rg4 32. Bg3 Re8 33. Re3 Rxe3 34. Qxe3 Rxg3 35. Qxf4 Qd6 36. Qe4 Qd8 37. Kb1 Rh3 38. Qg4 Rh7 39. Qe4 Rh4 40. Qe5 f6 41. Qe6+ Qd7 42. d5 cxd5 43. Qg8+ Qd8 44. Qxg7 Rh5 45. Rf1 Qc7 46. Qg2 Qd8 47. Qf3 Rh2 48. Rg1 Rh8 49. Rd1 d4 50. c3 Qb6 51. Rxd4 Rh2 52. Rc4+ Kd8 53. Qd5+ Ke7 54. Rb4 Qg1+ 55. Ka2 1-0

[Event "Centrocoop op"]
[Site "Eforie Nord"]
[Date "1997.??.??"]
[Round "4"]
[White "Buescu, Neculai"]
[Black "Volkov, Andrei"]
[Result "1/2-1/2"]
[WhiteElo "2205"]
[BlackElo "2395"]
[PlyCount "28"]
[EventDate "1997.??.??"]
[EventType "swiss"]
[EventRounds "11"]
[EventCountry "ROU"]
[SourceTitle "EXT 2010"]
[Source "ChessBase"]
[SourceDate "2010.11.25"]
[SourceVersion "1"]
[SourceVersionDate "2010.11.25"]
[SourceQuality "1"]

1. e4 c5 2. Nf3 Nc6 3. c3 d5 4. exd5 Qxd5 5. d4 Nf6 6. Na3 e6 7. Nb5 Qd8 8. dxc5 Bxc5 9. Qxd8+ Kxd8 10. Bg5 Ke7 11. Rd1 h6 12. Bh4 g5 13. Bg3 Ne4 14. Bd3 Nxg3 1/2-1/2

[Event "Centrocoop op"]
[Site "Eforie Nord"]
[Date "1997.??.??"]
[Round "4"]
[White "Grunberg, Mihai Lucian"]
[Black "Buescu, Neculai"]
[Result "1-0"]
[WhiteElo "2385"]
[BlackElo "2205"]
[PlyCount "115"]
[EventDate "1997.??.??"]
[EventType "swiss"]
[EventRounds "11"]
[EventCountry "ROU"]
[SourceTitle "EXT 2010"]
[Source "ChessBase"]
[SourceDate "2010.11.25"]
[SourceVersion "1"]
[SourceVersionDate "2010.11.25"]
[SourceQuality "1"]

1. Nf3 d5 2. c4 c6 3. g3 Nf6 4. Bg2 Bf5 5. Qb3 Qb6 6. d3 e6 7. Be3 dxc4 8. dxc4 Qxb3 9. axb3 Nbd7 10. 0-0 Bc5 11. Bxc5 Nxc5 12. b4 Ncd7 13. Nc3 Ke7 14. Nh4 Bc2 15. Rfc1 Bg6 16. b5 Rhd8 17. b4 Ne5 18. Nxg6+ hxg6 19. f4 Nxc4 20. bxc6 bxc6 21. Nd1 Nb6 22. Bxc6 Rab8 23. Rxa7+ Kf8 24. b5 Nbd5 25. Rc4 Ne8 26. e4 Ne7 27. Nc3 Nd6 28. Rc5 Nxb5 29. Rxb5 Nxc6 30. Ra4 Rxb5 31. Nxb5 Rb8 32. Nd6 Kg8 33. Rc4 Rb6 34. Nc8 Rb1+ 35. Kg2 Rb2+ 36. Kh3 Nb4 37. Nd6 g5 38. Rc8+ Kh7 39. Nxf7 gxf4 40. gxf4 Kg6 41. Ne5+ Kh7 42. Re8 Re2 43. Nf7 Nd3 44. Kg4 Rg2+ 45. Kf3 Ne1+ 46. Ke3 Nc2+ 47. Kd3 Ne1+ 48. Kc3 Kg6 49. Ng5 Rxh2 50. Kd4 Rd2+ 51. Ke3 Rd6 52. Ke2 Nc2 53. Rxe6+ Rxe6 54. Nxe6 Kf6 55. Kd1 Na3 56. Nd4 Nc4 57. Kc2 Nd6 58. Kd3 1-0